00985nam a2200277 i 4500001000300000003000400003005001700007008003900024040000800063080001200071080001200083080001600095245009200111250001700203260004300220300003600263490005600299504002200355655005000377650002200427700003300449710005400482700002700536830004600563856009800609bgBPK20201014085244.0 s1999 pl f f |000 0 pol cBPK a621.314 a621.382 a(075.8+076)00aLaboratorium energoelektroniki /cpod red. Piotra Wacha ; aut. Ryszard Beniak [et al.]. aWyd. 2 popr. aOpole :bOficyna Wydawnicza PO,c1999. a159 s. :brys., wykr. ;c24 cm.1 aSkrypt / Politechnika Opolska,x1427-9932 ;vnr 216 aBibliogr. s. 159. aĆwiczenia i zadania dla szkół wyższych 4aEnergoelektronika1 aWach, Piotrd(1944- ).eRed.2 a Politechnika Opolska. bOficyna Wydawnicza4pbl.1 aBeniak, RyszardeAutor 0aSkrypt - Politechnika Opolska ;vnr 216 uhttp://koha.tu.koszalin.pl/cgi-bin/koha/opac-detail.pl?biblionumber=37788yKatalog online BPK